000 00610nam a2200229 i 4500
001 C2-0081119
003 PPAK
005 20180727084308.0
008 970429s1975 ne |||| ||||| | eng d
040 _aPPAK
_beng
_cPPAK
_erda
082 0 4 _a899.221
_223
090 0 0 _a899.221
_bSOE
_dKIH
100 1 _aSoebardi, S.,
_eauthor
245 1 4 _aThe book of Cabolek
264 1 _aThe Hague :
_bMartinus Nijhoff ,
_c1975
300 _aix, 232 pages ;
_c24 cm
336 _2rdacontent
_atext
337 _2rdamedia
_aunmediated
338 _2rdacarrier
_avolume
650 1 0 _aJavanese literature
942 _ddc
_cB
999 _c14450
_d14450